Los amiguetes del pequeño Nicolás

Saved in:
Bibliografiske detaljer
Hovedforfatter: Goscinny, René (Author)
Format: Bog
Sprog:spansk
Udgivet: Santiago Alfaguara 2000
Serier:Colección Infantil
Fag:
Tags: Tilføj Tag
Ingen Tags, Vær først til at tagge denne postø!

MARC

LEADER 00000nam a2200000 a 4500
001 UCG4176
003 CL-VaPUC
008 101018e20000000CL |||||||||||||||||spa|d
020 |a 9562391957 
082 0 4 |a 808.0683  |b GOS  |2 21 
100 |a Goscinny, René  |e author  |9 553499 
245 1 4 |a Los amiguetes del pequeño Nicolás 
300 |a 118 p 
942 |c BK 
945 |d 20101018 00:00:00  |a mfarfan 
260 |a Santiago  |b Alfaguara  |c 2000 
650 0 |a Cuentos infantiles  |9 308044 
650 0 |a Literatura francesa  |9 266330 
650 0 |a Literatura infantil   |9 307465 
650 0 |a Escritores franceses   |9 450149 
583 |a last modification  |c 20120330 12:21:13  |k Rodrigo Vera 
490 0 |a Colección Infantil 
999 |c 343015  |d 343013